000 00947nab a2200265 u 4500
001 02946
003 HDC
007 cr bn ---
008 201224p20071226xx n |0 ind
040 _aHDC
100 _aSevi Lailia,
_eauthor
_91490
245 0 _aPENGGUNAAN BAHAN TAMBAHAN PANGAN(PENGAWET) DALAM MAKANAN DITINJAU DARIPERSPEKTIF HUKUM POSITIF DAN HUKUM ISLAM /
_cby Sevi Lailia
260 _a[No Place] :
_b[publisher not identified],
_c2007
300 _a1 online resource (2 pages)
336 _atext
_2rdacontent
337 _acomputer
_2rdamedia
338 _aonline resource
_2rdacarrier
650 _aFood additives
_91491
650 _aFood preservatives
_91492
650 _aHalal food
_950
856 _zRequest full-text at [email protected]
942 _2lcc
942 _cAR
942 _kJART 001609
999 _c332
_d332